Options for Analyzing Consumer Behavior in Brick-and-Mortar Stores During the Pandemic SARS-COV-2
Cieľom tohto článku je ukázať koreláciu medzi výskytom pozitívneho testovania na Covid v Slovenskej republike a poklesom návštevnosti kamenných predajní s prevahou potravinového tovaru. Preukázanie vzájomnej závislosti poskytuje marketingový základ pre cielenú maloobchodnú komunikáciu orientovanú na...
Salvato in:
| Autore principale: | |
|---|---|
| Altri autori: | |
| Natura: | Capitolo di libro |
| Lingua: | inglese |
| Soggetti: | |
| Tags: |
Nessun Tag, puoi essere il primo ad aggiungerne!!
|
MARC
| LEADER | 00000naa$a2200000$$$4500 | ||
|---|---|---|---|
| 001 | 0281594 | ||
| 005 | 20240502074403.4 | ||
| 041 | 0 | |a eng | |
| 044 | |a SK | ||
| 245 | 1 | 0 | |a Options for Analyzing Consumer Behavior in Brick-and-Mortar Stores During the Pandemic SARS-COV-2 |c Tomáš Fašiang, Pavel Gežík |
| 520 | |a Cieľom tohto článku je ukázať koreláciu medzi výskytom pozitívneho testovania na Covid v Slovenskej republike a poklesom návštevnosti kamenných predajní s prevahou potravinového tovaru. Preukázanie vzájomnej závislosti poskytuje marketingový základ pre cielenú maloobchodnú komunikáciu orientovanú na demonštráciu bezpečnosti samotného aktu nákupu počas pandemickej situácie SARS-CoV-2. | ||
| 610 | 2 | 0 | |a rozhodovanie |
| 610 | 2 | 0 | |a správanie spotrebiteľa |
| 610 | 2 | 0 | |a maloobchod |
| 610 | 2 | 0 | |a pandémia |
| 610 | 2 | 0 | |a návyk |
| 100 | 1 | |a Fašiang, Tomáš | |
| 700 | 1 | |a Gežík, Pavel, 1983- | |